000
00256nam a22001097a 4500
082
_a
540 QAM'C
100
_a
QAMAR, IQBAL DR
_9
73847
245
_a
CHEMISTRY FOR ENGINEERS AND TECHNOLOGISTS
260
_a
LAHORE
_b
GLOBE
_c
1975
300
_a
246P
942
_c
BK
999
_c
579483
_d
579483